Tilastot visalle Armeniaa lähinnä olevat maat

Klikkaa tästä pelataksesi tätä visaa!

Yleistilastot

  • Tätä visaa on pelattu 13 kertaa
  • Keskiarvotulos 17 / 20

Vastaustilastot

kmmaa% Oikein
0Azerbaidžan
100%
0Georgia
100%
222Irak
100%
0Iran
100%
1047Israel
100%
887Jordania
100%
881Libanon
100%
0Türkiye
100%
110Venäjä
100%
533Kazakstan
90%
785Ukraina
90%
1248Bulgaria
80%
335Syyria
80%
529Turkmenistan
80%
821Uzbekistan
80%
935Kypros
70%
1202Romania
70%
925Saudi-Arabia
70%
980Kuwait
60%
1161Palestiina
0%

Tulosjakauma

Persentiili vastausten määrän mukaan

Jokaisen tuloksen saaneiden osuus

Tuloshistoriasi

Et ole pelannut tätä visaa